00625nam a2200205Ia 4500003000400000005001700004008004100021020001900062040000700081041000800088082001500096100002800111245004400139260004300183300000900226650002200235942001300257999001900270952013000289OSt20250825151108.0250729s2005 xx 000 0 und d a978-8183160278 cAL aeng a371.4 NAMS aNambiar Vijayan9222174 aStratergies of guidence based education aNew DelhibNeelkamal Publicationc2005 a252p aEducation9222175 2ddccBED c235336d235336 00104070aALbALd2025-07-29eSita Book Houseg150.00l0o371.4 NAMSpBED00655r2025-07-29 16:53:55v150.00w2025-07-29yBK